[Event "Tata Steel Masters"]
[Site "?"]
[Date "2015.01.25"]
[Round "13.2"]
[White "Caruana, Fabiano"]
[Black "Vachier Lagrave, Maxime"]
[Result "0-1"]
[WhiteElo "2820"]
[BlackElo "2757"]
[EventDate "2015.??.??"]
[Annotator "Bojkov,Dejan"]
[PlyCount "70"]
[Beauty "7973073850377"]
[EventType "team-tourn"]
[WhiteClock "0:01:08"]
[BlackClock "0:34:33"]

{[Annotations by GM Dejan Bojkov]} 
1.e4 c5 2.Nf3 d6 3.d4 cxd4 4.Nxd4 Nf6 5.Nc3 a6 {Maxime is one of the greatest speacialist in the Najdorf.} 6.h3 {Fabiano deviates from the discussion they both had a couple of months ago after} ( 6.f3 e5 7.Nb3 Be6 8.Be3 Be7 9.Qd2 O-O 10.O-O-O Nbd7 11.g4 b5 12.Rg1 {Caruana,F (2844)-Vachier Lagrave,M (2757) Tashkent 2014} ) 6...e5 7.Nde2 h5 {Since White wants to fianchettoe the bishop with g2-g4 this restricting move makes a lot of sense. Black actually wants to delay on the kingside in most of the cases in this line and the h5-h4 resourse is useful for both attacking and strategical aims (to weaken the dark squares for example).} 8.g3 ( {A very original idea was introduced recently:} 8.Ng1 $5 b5 9.Nf3 Bb7 10.Ng5 {and White was trying to prove that h7-h5 had somewhat weakened the kingside in Nepomniachtchi,I (2714)-Vachier Lagrave,M (2758) Beijing 2014 Still, the loss of so many tempos in the opening can hardly be great.} ) 8...Be6 9.Bg2 Nbd7 10.a4 Be7 11.O-O Rc8 12.Be3 Nb6 {A novelty! Maxime came well prepared for the game and uncorked a nice positional sacrifice of a pawn.} ( {All of this had been seen already and Black was always reacting with} 12...O-O {for example} 13.a5 Re8 14.Qd2 Rc7 15.f4 Bc4 16.Rfd1 Qc8 {with a long maneuvering game in Riccio,E (2477)-Kotlyanskiy,E (2565) corr. 2010} ) 13.b3 {But allows the main idea} ( 13.a5 Nc4 {which would be very good for Black.} ) 13...d5 $1 14.Bxb6 {Practically forced.} ( {Both} 14.a5 d4 $1 ) ( {and} 14.exd5 Nbxd5 15.Nxd5 Nxd5 16.Bd2 O-O {are excellent for Black.} ) 14...Qxb6 15.Nxd5 {Perhaps the other capture} ( 15.exd5 {is a better version for White as Black now has more difficulties when attacking on the kingside (too many pieces on the f-file). Still, Vachier-Lagrave will have rich compensation after} 15...Bf5 16.a5 Qd6 ) 15...Nxd5 16.exd5 Bd7 $1 {The optimal square for the bishop.} ( 16...Bf5 {looks more active but the bishop will stay on the road of his own f-pawn.} 17.c4 ) 17.c4 Qd6 ( {Black does not show his intentions yet. Another option was} 17...h4 18.g4 f5 19.gxf5 Bxf5 20.Nc3 Bc5 21.Ne4 ) 18.a5 {The fire cannot be stopped with fuel. After} ( 18.h4 {Black can start the attack with} 18...g5 $1 19.hxg5 Bxg5 20.Nc3 f5 21.Re1 Kf7 ) 18...f5 19.Qd3 ( {Once again} 19.h4 {is dangerous for White only:} 19...g5 20.hxg5 Bxg5 21.f4 Bf6 22.fxe5 Bxe5 ) 19...h4 $1 {This targets the black squares. Black's play is very easy and natural: he simply advances the pawns on the kingside and creates weaknesses along the dark squares. Fabiano will be happy to play b3-b4 followed by c4-c5 but this is impossible due to the blockade.} 20.g4 {This looks like the best defense. White can also stay still with} ( 20.Rab1 {but then Black might consider even entering an endgame sometimes} 20...e4 21.Qd2 hxg3 22.fxg3 O-O {Even} ( 22...Qb4 {is good for Black} 23.Qxb4 Bxb4 24.Ra1 Bc5+ 25.Kh2 Ke7 {foolowed by g7-g5.} ) 23.Rfc1 Qb4 24.Qxb4 Bxb4 25.Ra1 g5 ) 20...O-O ( {Maxime dismisses the pawn regain} 20...fxg4 21.Nc3 $1 gxh3 22.Bxh3 {Indeed the blockade on the light squares will be favorable for White.} ) 21.Nc3 $6 {But this is wrong. Allowing e5-e4 leads to further problems along the b8-h2 diagonal. Correct was} ( 21.gxf5 {to fight for the e4 square} 21...Bxf5 22.Qd2 Qg6 ( 22...e4 {can be now answered} 23.Nd4 $1 Bd8 24.Nxf5 Rxf5 25.Bxe4 Bc7 26.f4 ) 23.Kh1 {Black still has plenty of compensation but nothing decisive yet} 23...Be4 24.f3 ( {But not} 24.Bxe4 $6 Qxe4+ 25.Kh2 Rf3 ) ) 21...e4 $1 22.Qe3 Bd8 $1 {Nice regrouping. Black hits where it hurts.} 23.Bxe4 {Desperation. Fabiano figured that the alternatives are even worse} ( 23.Rfe1 Bc7 24.gxf5 Qh2+ 25.Kf1 Bf4 26.Qxe4 Bxf5 27.Qe7 Bxh3 {already wins the white queen.} ) ( 23.f4 exf3 24.Rxf3 Bc7 25.g5 ( 25.gxf5 Qh2+ 26.Kf1 Bxf5 {is decisive attack on the open files and diagonals.} ) 25...Rfe8 26.Qf2 Qh2+ 27.Kf1 Bd6 {followd by Bd6-c5 is also grim for White.} ) 23...fxe4 24.Nxe4 Qf4 25.Qxf4 Rxf4 26.f3 Be7 {In the endgame the value of the pawns increases and normally three pawns should be good enough to fight the bishop. However, in this particular situation the bishop pair and the many useful half-open files speak of the undisputable advantage for Black.} 27.Kf2 Rcf8 28.Ke3 $6 {Caruana's desire to activate the king is understandable but the rooks and bishops can now create tactical headache.} ( {Correct was to stay still with} 28.Kg2 ) 28...Be8 {Another nice regroupment. The threat is Be8-g6.} 29.c5 {It is hard to critice White for his decisions as the position is most likely lost anyway.} ( 29.Rad1 {does not help neither} 29...Bb4 ( 29...Bg6 30.d6 ) 30.Ng5 Bd7 31.Ne6 Bxe6 32.dxe6 R4f6 ) ( {After} 29.d6 Bd8 {the light-squared bishop will pop up on c6.} ) 29...Bb5 30.b4 $1 {The last chance. In the line} ( 30.Rf2 Rxe4+ $1 {Black wins by force:} 31.Kxe4 Bxc5 32.Rd2 Re8+ 33.Kf5 ( 33.Kf4 Be3+ 34.Kf5 Bd7+ 35.Kg6 Re5 36.f4 Be8# ) 33...Bd7+ 34.Kg5 Be3+ ( 34...Be7+ ) ) 30...Rxe4+ $1 {Maxime is alert!} ( {Things are not clear in the line} 30...Bxf1 31.Rxf1 Bd8 32.Rf2 {due to the blocked character of the position.} ) 31.Kxe4 Re8 $1 {A nice ambush which wraps up the game.} 32.Kf4 ( {Or} 32.Rfe1 Bxc5+ 33.Kf4 Rf8+ 34.Kg5 Bxb4 35.Re4 Bc3 36.Ra3 Bf6+ 37.Kg6 Be8+ ) 32...g5+ 33.Kf5 Kf7 $1 {Once again ignoring the rook and concentrating on the king. Checkmate is near.} 34.Rfe1 {Now it is proper mate, or else it would be a prosaic win:} ( 34.Rad1 Bd7+ 35.Ke4 Bxc5+ 36.Kd3 Bb5+ ) 34...Bd3+ 35.Re4 Bf6 {A beautiful finish of a nice positional game. Mate is inevitable. This was not Fabiano's best tournament, but Maxime had a fantastic performance with shared second place, just half point away from the winner. This game in particular was a positional masterpiece!} ( 35...Bf6 36.Re1 Re5# ) 0-1

[Event "GRENKE Chess Classic 2015"]
[Site "Baden - Baden"]
[Date "2015.02.06"]
[Round "4"]
[White "Anand, Viswanathan"]
[Black "Carlsen, Magnus"]
[Result "0-1"]
[WhiteElo "2797"]
[BlackElo "2865"]
[EventDate "2015.??.??"]
[Annotator "Bojkov,Dejan"]
[PlyCount "72"]
[Beauty "7906250521162"]
[EventCountry "GER"]

1.d4 {The game between the world champion of now and his predecessor is always a great show.} 1...f5 {This was not quite a shock as Magnus had played like that previously. His former coach S. Agdestein is a great aficionado of the Dutch as well.} 2.g3 Nf6 3.Bg2 e6 4.c4 c6 {But that is a surprise! The Stonewall have never been seen in Magnus' games before.} 5.Nf3 {It was generally considered that the best position for this knight is on h3. After} ( 5.Nh3 {White intends to develop his knights in Petrosian's favourite way- the one from h3 goes to f4 and d3, the one from b1- to d2 and f3. Then they both have excellent view of the e5 spot. Petrosian claimed that this set up paid his flat in Moscow... Leaving the nice sense of humour of the ninth world champion aside I can only add that Black had found interesting ways to fight against this set up, for example} 5...d6 6.O-O Be7 7.b3 e5 {Zhou,J (2625)-Wang,Y (2702) Xinghua 2012} ) 5...d5 6.O-O Bd6 7.b3 Qe7 {To stop Bc1-a3 with favourable trade of the dark-squared bishops.} 8.Ne5 {Vishy takes control of the strong outpost at once.} ( {Another move is} 8.Bb2 {Then a game of Salo Flohr saw the idea that Vishy performed in the game} 8...O-O 9.Qc2 Bd7 10.Ne5 Na6 11.Nxd7 $1 {It seems weird to trade the excellent knight for the bad bishop but the latter is an important defender of the light squares. After} 11...Qxd7 12.Nd2 g5 13.Nf3 Qg7 14.Qc1 g4 15.Ne5 Nb8 16.Ba3 Bxa3 17.Qxa3 {White is ready to break the barricades on the light squares, Flohr,S-Goldberg,G Moscow 1949} ) ( {White can insist on swapping the bishops off with} 8.a4 O-O 9.Ba3 Bxa3 10.Nxa3 {Although now his knight is somewhat displaced (too far away from the e5 square that is!)} 10...b6 11.Qc1 Bb7 12.Nc2 a5 {1/2-1/2 (43) Vachier Lagrave,M (2745)-Radjabov,T (2713) Beijing 2013} ) 8...O-O 9.Nd2 a5 {Black grabs space on both flanks. This move is usually an active defense, although the little pawn might have deeper thoughts.} 10.Bb2 Nbd7 11.Qc2 a4 12.Ndf3 Ne4 13.e3 {A solid move, which is also a novelty.} ( {Previously only} 13.bxa4 {had been seen. Looks ugly, but White wants to exert pressure along the b file} 13...Bxe5 14.dxe5 ( 14.Nxe5 $5 Nxe5 15.dxe5 {might be better} ) 14...Nb6 $1 15.cxd5 exd5 16.Rab1 Nc4 {Black had an excellent position in Goganov,A (2550)-Sandipan,C (2590) Moscow 2013} ) 13...a3 ( {A solid reply for Black is mentioned by Magnus} 13...Nxe5 14.Nxe5 Bd7 {with an OK position for the second player.} ) 14.Bc3 Nxe5 15.Nxe5 Bd7 {Black finishes the development. Magnus disliked} ( 15...Bxe5 16.dxe5 b5 ( 16...b6 {might be better} ) 17.cxb5 cxb5 {because of the strong} 18.Rfc1 Ba6 ( 18...Nxc3 19.Qxc3 Bd7 {is a risk-free edge for White.} ) 19.Be1 Rfc8 20.Qd3 {and Black cannot play b5-b4} 20...b4 21.Rxc8+ {(Carlsen)} ) 16.Nxd7 {Flohr's idea from above. The bishop could become dangerous after Bd7-e8-h5.} 16...Qxd7 17.c5 Bc7 {Magnus confidently levelled the game.} 18.b4 {White's plan is clear. Ra1-b1, b4-b5, open the queenside, penetrate on the seventh...} ( {Or} 18.Be1 e5 19.f3 Ng5 {with approximate equality.} ) 18...h5 {In terurn Black shows activity on the other wing.} 19.Be1 {Vishy plays for the win but this allows the freeing central advance! In case of} ( 19.f3 {Black will need to trade the kngiht for the bishop} 19...Nxc3 20.Qxc3 h4 21.f4 g5 {"This should be sufficient counterplay." (Carlsen) The presence of the light-squared bishops should be an indicator of a likely draw.} ) 19...e5 $1 {The threat is e5xd4 followed by f5-f4.} 20.dxe5 Bxe5 21.Rd1 {Now the knight on e4 is hanging.} 21...Qe6 ( 21...h4 22.Bxe4 fxe4 23.Qxe4 ) 22.f3 {The knight is unbearable and White also wants to open up the game for the bishops.} 22...Nf6 23.Bh3 g6 24.e4 $1 dxe4 25.fxe4 {All of this was pretty logical and forced. Magnus had to make a decision- to play calm and solid moves or to go for a risky line. He chose the latter!} 25...Bb2 $5 ( {Black is doing fine after} 25...Ng4 26.exf5 Rxf5 27.Rxf5 gxf5 ) ( {Naturally,} 25...Nxe4 $4 {is not great} 26.Qxe4 ) 26.exf5 Qxa2 {"I might have overestimated my position" said Magnus at the press conference. Indeed, the position of his king is scary, but if he manages to trade the queens, his pawn will get promoted. The analyzes showed that with correct play by both sides the game should have ended in a draw.} 27.Bf2 ( {Carlsen saw that the lines with the pawn capture are always good for him} 27.Kh1 Rad8 28.fxg6 $4 ( 28.Rxd8 Rxd8 29.fxg6 $2 Qd5+ 30.Bg2 Qd3 ) 28...Rxd1 29.Qxd1 Qd5+ {In both cases he trades the queens and promotes a new one!} ) 27...g5 28.Rfe1 $1 {Correctly centralizing his troops. Anand needs to attack the enemy king to survive.} 28...Qf7 29.Re6 {Now White threatens to shift the bishop from h3 to c4. Magnus has to force matters.} ( 29.Bf1 $2 {does not work yet due to} 29...Nd5 {and the f5 pawn falls.} ) 29...Ng4 {Opens further the king, but as Carlsen said at the press conference he could not find anything decisive for White after thorough calculation.} ( 29...Rad8 $5 {was another interesting idea, but the world champion obviously does not want to move the rook away from the a file. After} 30.Rxd8 Rxd8 31.Bf1 Nd5 32.Rg6+ Kf8 33.Bc4 Nxb4 $5 34.Qb3 Nd5 {the game remains unclear.} ) 30.Bxg4 hxg4 31.Rg6+ Kh7 {The culmination of the battle.} 32.Rd7 $4 {Anand blunders. Correct was} ( 32.Re6 {For example} 32...Qxf5 {leads to another perpetual} ( 32...Bf6 33.Rxf6 $1 {This leaves to perpetual} ( 33.Qa2 $5 {(Carlsen)} ) 33...Qxf6 34.Rd7+ Rf7 ( 34...Kg8 35.Bd4 a2 {is bad due to} 36.Qc4+ Kh8 37.Bxf6+ Rxf6 38.Rd1 a1=Q 39.Rxa1 Rxa1+ 40.Kg2 {where White should win.} ) 35.Bd4 Qxd4+ 36.Rxd4 a2 37.Rd1 a1=Q 38.Rxa1 Rxa1+ 39.Kg2 Re1 ) ( 32...Rae8 $2 33.Rdd6 ) 33.Rd7+ Kg8 34.Rg6+ Kh8 35.Rh6+ ( {The spectacular} 35.Qxb2+ axb2 36.Bd4+ {fails to} 36...Rf6 {as mentioned by Carlsen.} ) ) 32...Qxd7 33.f6 Qd1+ $1 {The neatest road to the win. The black king easily escapes the checks and the little a pawn loudly presents itself to the world!} 34.Qxd1 Kxg6 35.Qd3+ Kh6 36.h4 gxh3 {Carlsen is back into the contest for the tournament win.} 0-1

[Event "E Grand Prix"]
[Site "Tbilisi"]
[Date "2015.02.20"]
[Round "5.6"]
[White "Jobava, Baadur"]
[Black "Mamedyarov, Shakhriyar"]
[Result "1-0"]
[WhiteElo "2696"]
[BlackElo "2759"]
[EventDate "2015.??.??"]
[Annotator "Bojkov,Dejan"]
[PlyCount "54"]
[Beauty "8248220200995"]
[EventType "team-tourn"]
[EventCountry "FID"]
[WhiteClock "0:02:21"]
[BlackClock "0:51:07"]

{[Annotations by GM Dejan Bojkov]} 
1.b3 {The Nimzowitsch-Larsen opening can nowadays be named after Baadur who is commonly using it and keeps on finding fresh ideas.} 1...Nf6 2.Bb2 g6 3.Nc3 Bg7 4.d4 {Georgian's favorite move. It seems illogical to close the bishop that had just occupied the long diagonal, but Jobava has an opinion of his own.} 4...c5 5.e3 cxd4 6.exd4 d5 7.Qd2 Nc6 8.O-O-O ( {One very fresh example of Baadur's saw} 8.f3 h5 {Perhaps this is what inspired Shakh for what he did later in the game.} 9.Bb5 Qd6 10.Nge2 Bh6 11.Qd1 Bf5 {and Black already very comfortable in Jobava,B (2727)-Carlsen,M (2862) Wijk aan Zee 2015} ) 8...Qa5 ( {A novelty upon a game these two played earlier. That game saw} 8...O-O 9.f3 h5 10.Kb1 Bf5 11.a3 Rc8 {with a double-edged position in Jobava,B (2711) -Mamedyarov,S (2764) Beijing 2012} ) 9.f3 h5 10.Kb1 Bf5 11.Bd3 $1 {This enterprising pawn sacrifice is practically forced.} ( {The normal development} 11.Nge2 $2 {is just bad as Black has concrete threats} 11...Nb4 12.Rc1 Nxa2 $1 ) ( {while a waiting move like} 11.a3 {allows all the joy for Black after either} 11...Rc8 ( {Or} 11...a6 ) ) 11...Nxd4 $1 ( {Shakh goes for it! He could have easily kept the balance after} 11...Bxd3 12.Qxd3 e6 {but he decided that the risk is worth it.} ) 12.Nge2 Nxe2 ( {Worse is} 12...Bxd3 13.Nxd4 Ba6 14.Rhe1 {when Black cannot easily evacuate the king from the center. For example} 14...e6 15.Nxe6 $1 fxe6 16.Rxe6+ Kf7 17.Nxd5 Qxd2 18.Re7+ Kf8 19.Rxd2 {and the attack continues in the endgame.} ) 13.Qxe2 Bd7 $1 {Correct decision. Generally, Black would be happy to trade pieces. The problem with the move} ( 13...Bxd3 {however is that it brings the white attackers too quickly:} 14.Rxd3 Rd8 ( 14...e6 $2 15.Nxd5 $1 {is a nice tactical shot.} ) 15.Rhd1 {when Black is once again losing the central pawn} 15...e6 16.Nxd5 Rxd5 17.Rxd5 Nxd5 18.Bxg7 {with a clear advantage for White.} 18...Nc3+ 19.Bxc3 Qxc3 20.Qb5+ Qc6 21.Qxc6+ bxc6 22.Rd6 ) 14.Rhe1 e6 {For the pawn Baadur managed to bring his rooks in the center, but what comes next? One more move and the black king will escape from the dangerous zone and Shakh will start converting the extra pawn.} 15.Bxg6 $5 {! Nope, the king will stay in the center. Jobava follows the classical rule. If the opponent's king is in the center, open files to reach it.} 15...fxg6 16.Nxd5 Nxd5 ( {There is no time to escape} 16...O-O 17.Nxf6+ Bxf6 18.Rxd7 ) 17.Bxg7 Rg8 $5 {Mamedyarov rejects the draw after} ( 17...Nc3+ 18.Bxc3 Qxc3 19.Rxd7 $1 Kxd7 20.Qxe6+ Kc7 21.Qf7+ Kc8 {The king has to stay on the back rank as going up may lead to a big fall down} ( 21...Kc6 $2 22.Re6+ Kc5 23.Qc7+ {and mate after} 23...Kb4 24.Qxb7+ Kc5 25.Qc6+ Kb4 26.a3+ Kxa3 27.Qa4# ) 22.Re8+ Rxe8 23.Qxe8+ Kc7 24.Qxa8 {White regains the piece and is even a piece up, but the presense of their Majesties on the board with the kings wide open will sooner or later lead to a perpetual after} 24...Qe1+ 25.Kb2 Qe5+ 26.c3 Qxh2 27.Qxa7 Qxg2+ ) ( {However, it seems as that the best defense was the subtle} 17...Rh7 $1 18.Qe5 ( 18.Bb2 $5 Nc3+ 19.Bxc3 Qxc3 20.Rd6 O-O-O {brings the king into safety.} ) 18...Kf7 19.c4 ( {The difference with the game continuation becomes apparent after} 19.Rxd5 Qxd5 20.Qf6+ Kg8 $1 ) 19...Rxg7 20.cxd5 Kg8 21.dxe6 Qxe5 22.Rxe5 {and White has two pawns for the piece, but this is not enough here.} ) 18.Qe5 Rxg7 $6 {Tempting! When under attack it makes sense to annihilate as many many active pieces as possible, even if we give back part of the material. This however has a nice refutation.} ( {White's attack is very strong in case of} 18...Kf7 19.Rxd5 Qxd5 20.Qf6+ Ke8 21.Qxg6+ Kd8 22.Qf7 Kc7 23.Re3 ) ( {But} 18...Qc7 {looked like the best defense with the idea} 19.Qxd5 ( 19.Qb2 O-O-O ) 19...Rxg7 20.Rxe6+ $6 ( {Instead} 20.Qd4 $1 Kf8 21.g4 {keeps the game unclear as the king is still vulnerable.} ) 20...Bxe6 21.Qxe6+ Qe7 {and Black holds and wins.} ) 19.Rxd5 $1 {The knight is a very important defender. Now the attack on the open files is furious!} 19...Qb4 20.Rd6 Kf8 ( {Once more there is no time to saveguard the king} 20...O-O-O $2 21.Re4 Qa3 22.Rc4+ Bc6 23.Rxd8+ Kxd8 24.Qxg7 ) 21.Red1 Bc6 $2 {This loses instantly, but objectively speaking Black was already in bad shape.} ( {True, after the most resilent} 21...Be8 22.Rxe6 Bf7 23.Rd7 Kg8 {Baadur had to find the following amazing resource} 24.Rxf7 $3 Kxf7 ( 24...Rxf7 {is easier for White after} 25.Rxg6+ Kf8 26.Rh6 ) 25.Qd5 $3 {Ambush.} 25...Kf8 26.Re4 $3 {A truly remarkable position! The two white heavy pieces dominate the three black. Spirit rules material. White wins the queen at least. For example} 26...Qa3 ( 26...Qc3 27.Rf4+ Ke8 28.Qb5+ Kd8 29.Re4 Rc8 30.Qe8+ Kc7 31.Rc4+ Qxc4 32.Qe5+ ) 27.Rf4+ Ke8 28.Ra4 Qf8 29.Re4+ Re7 30.Qb5+ Kf7 31.Rf4+ ) 22.R1d4 {Not bad, but there was an instant win.} ( {It seems as both players missed the important deflection after} 22.Rd8+ Rxd8 23.Rxd8+ Kf7 ( 23...Be8 24.Qf6+ Rf7 25.Qh8+ ) ( 23...Ke7 24.Rd4 ) 24.a3 $3 {when the queen has to abandon the f4-square Black loses the game:} ( 24.c3 {should also do} ) 24...Qe7 ( {Or mate after} 24...Qxa3 25.Qf4+ Ke7 26.Qf8# ) 25.Qf4+ Qf6 26.Rf8+ $1 Kxf8 27.Qxf6+ {and White wins.} ) 22...Qb5 23.Rd8+ $2 {Lets the win slip away.} ( 23.Qxe6 $1 {keeps a tremendous attack, say} 23...Qg5 24.h4 Qe7 25.Qc4 ) 23...Rxd8 24.Rxd8+ Ke7 25.Qd6+ Kf6 26.Qd4+ Kf7 $4 {The culmination of the battle and the last mistake. Shakh became once more overambitious and blundered checkmate.} ( 26...Ke7 $1 {was mandatory when White can repeat the moves or try} 27.a4 {which should also lead to some perpetual after} 27...Qf5 28.Qd6+ Kf6 29.Rf8+ Rf7 30.Qd8+ Kg7 31.Rg8+ Kh6 32.Rh8+ Kg7 ( {But not} 32...Rh7 33.h4 $3 {when the black king is once again surrounded} 33...Qf7 34.Rg8 $1 Rg7 35.Rf8 {Oh wait, was that the queen?} ) 33.Rg8+ ) 27.Qf4+ Ke7 {An epic battle of two of the most creative players of our time!} ( {And not waiting to see the mate, Shakh resigned.} 27...Ke7 28.Qf8# ) 1-0